Central Library OPAC University of Rajshahi

Studies in Milton./ (Record no. 77231)

MARC details
000 -LEADER
fixed length control field 00786cam a22002531 4500
001 - CONTROL NUMBER
control field 77231
003 - CONTROL NUMBER IDENTIFIER
rucl marc code BD-RjUL
005 - DATE AND TIME OF LATEST TRANSACTION
control field 20211209082939.0
008 - FIXED-LENGTH DATA ELEMENTS--GENERAL INFORMATION
fixed length control field 200304r19511960enk 000 0 eng
035 ## - SYSTEM CONTROL NUMBER
System control number (BD-RjUL)77456
040 ## - CATALOGING SOURCE
Original cataloging agency DLC
Transcribing agency PPi
Modifying agency OCoLC
-- Uk
-- DLC
Language of cataloging eng
041 ## - LANGUAGE CODE
Language code of text/sound track or separate title eng
042 ## - AUTHENTICATION CODE
Authentication code premarc
082 ## - DEWEY DECIMAL CLASSIFICATION NUMBER
Classification number 821.47
Edition number 19
Author mark and year TIS 1951
100 1# - MAIN ENTRY--PERSONAL NAME
Personal name Tillyard, E. M. W.
Fuller form of name (Eustace Mandeville Wetenhall),
Dates associated with a name 1889-1962.
9 (RLIN) 240381
245 00 - TITLE STATEMENT
Title Studies in Milton./
Statement of responsibility, etc. E.M.W. Tillyard
260 ## - PUBLICATION, DISTRIBUTION, ETC. (IMPRINT)
Place of publication, distribution, etc. London:
Name of publisher, distributor, etc. Chatto & Windus,
Date of publication, distribution, etc. 1951.[1960]
300 ## - PHYSICAL DESCRIPTION
Pagination 176 p. ;
Size 21 cm.
600 10 - SUBJECT ADDED ENTRY--PERSONAL NAME
Personal name Milton, John,
Dates associated with a name 1608-1674
General subdivision Criticism and interpretation.
906 ## - LOCAL DATA ELEMENT F, LDF (RLIN)
a 7
b cbc
c oclcrpl
d u
e ncip
f 19
g y-gencatlg
942 ## - ADDED ENTRY ELEMENTS (KOHA)
Source of classification or shelving scheme Dewey Decimal Classification
Koha item type Books
Holdings
Lost status Source of classification or shelving scheme Damaged status Not for loan Collection code Permanent Location Current Location Shelving location Date acquired Total Checkouts Full call number Date last seen Copy number Koha item type
  Dewey Decimal Classification     Non-fiction Central Library, University of Rajshahi Central Library, University of Rajshahi   04/03/2020   821.47 TIS 1951 04/03/2020 C-2 Books
  Dewey Decimal Classification     Non-fiction Central Library, University of Rajshahi Central Library, University of Rajshahi   04/03/2020   821.47 TIS 1960 04/03/2020 C-3 Books